Kuvavisa: Aasian suurimmat S:llä alkavat kaupungit - Statistics

Yleistilastot
  • Tätä visaa on pelattu 21 kertaa
  • Keskiarvotulos 10 / 16
Vastaustilastot
Kuvavisa Hint Vastaus % Oikein
🇨🇳 21 910 000 Shànghǎi
100%
🇸🇬 5 690 000 Singapore
100%
🇰🇷 9 590 000 Soul
100%
🇯🇵 1 970 000 Sapporo
93%
🇮🇩 2 770 000 Surabaya
87%
🇾🇪 1 710 000 Ṣanʿāʾ
80%
🇨🇳 7 030 000 Shěnyáng
80%
🇨🇳 17 440 000 Shēnzhèn
80%
🇮🇳 4 590 000 Sūrat
80%
🇨🇳 3 840 000 Shàntóu
60%
🇨🇳 5 890 000 Sūzhōu
33%
🇮🇩 1 520 000 Semarang
20%
🇨🇳 5 090 000 Shíjiāzhuāng
20%
🇮🇷 1 570 000 Šīrāz
20%
🇨🇳 1 340 000 Shàngráo
0%
🇨🇳 2 330 000 Shàoxīng
0%
Ehtoja vastaavia visoja ei löytynyt
Tulosjakauma
Jokaisen tuloksen saaneiden osuus
Persentiili vastausten määrän mukaan
Tuloshistoriasi
Et ole pelannut tätä visaa